000 00754nam a2200241Ia 4500
003 OSt
005 20220927102944.0
006 a|||||r|||| 00| 0
007 ta
008 220926b |||||||| |||| 00| 0 eng d
024 _a34103
037 _cReference Collections
040 _aRTL
_cRTL
_beng
041 _2eng
_aeng
082 _a"X.235.N38t4, GD"
110 _a"Bombay, Economic and Industrial Survey (Committee)"
_9352040
245 0 _aReport. 2V.
260 _c1946
490 _vV1: Interim orderd of govt on the recommendations of the committee
700 _a"Bombay, Economic and Industrial Survey (Committee)"
_9352041
942 _h"X.235.N38t4, GD"
_cCC
999 _c679737
_d679737